Income Tax Manual : (Record no. 1237)
[ view plain ]
| 000 -LEADER | |
|---|---|
| fixed length control field | 00793nam a22002417a 4500 |
| 001 - CONTROL NUMBER | |
| control field | 17304 |
| 003 - CONTROL NUMBER IDENTIFIER | |
| control field | BD-DhUAP |
| 005 - DATE AND TIME OF LATEST TRANSACTION | |
| control field | 20250417101432.0 |
| 008 - FIXED-LENGTH DATA ELEMENTS--GENERAL INFORMATION | |
| fixed length control field | 200204s2011 bg b 000 0 eng d |
| 040 ## - CATALOGING SOURCE | |
| Original cataloging agency | BD-DhUAP |
| Language of cataloging | Eng |
| Transcribing agency | BD-DhUAP |
| Modifying agency | BD-DhUAP |
| 082 00 - DEWEY DECIMAL CLASSIFICATION NUMBER | |
| Edition number | 23 |
| Classification number | 343.5492052 INC |
| 245 10 - TITLE STATEMENT | |
| Title | Income Tax Manual : |
| Remainder of title | the income tax odinance, 1984 (SRO 39- L/85) / |
| Statement of responsibility, etc. | compiled by Kazi Harun-Ur-Rashid. |
| 260 ## - PUBLICATION, DISTRIBUTION, ETC. | |
| Place of publication, distribution, etc. | Dhaka : |
| Name of publisher, distributor, etc. | Muhit Prokashani, |
| Date of publication, distribution, etc. | 2011. |
| 300 ## - PHYSICAL DESCRIPTION | |
| Extent | Parts ; |
| Dimensions | 21 cm. |
| 504 ## - BIBLIOGRAPHY, ETC. NOTE | |
| Bibliography, etc. note | Includes bibliographical references. |
| 505 ## - FORMATTED CONTENTS NOTE | |
| Formatted contents note | P. 2-- |
| 650 #0 - SUBJECT ADDED ENTRY--TOPICAL TERM | |
| Topical term or geographic name entry element | Income Tax Ordinance, 1984 (Bangladesh). |
| 650 #0 - SUBJECT ADDED ENTRY--TOPICAL TERM | |
| Topical term or geographic name entry element | Income tax |
| Form subdivision | Law and legislation. |
| 700 ## - ADDED ENTRY--PERSONAL NAME | |
| Personal name | Harun-Ur-Rashid, Kazi. |
| 942 ## - ADDED ENTRY ELEMENTS (KOHA) | |
| Source of classification or shelving scheme | |
| Koha item type | Book |
| Withdrawn status | Lost status | Source of classification or shelving scheme | Damaged status | Not for loan | Permanent Location | Current Location | Shelving location | Date acquired | Full call number | Barcode | Date last seen | Copy number | Price effective from | Koha item type |
|---|---|---|---|---|---|---|---|---|---|---|---|---|---|---|
| UAP Central Library | UAP Central Library | General Stacks | 2020-02-04 | 343.5492052 INC P-2 | 3010017304 | 2020-02-04 | 1 | 2020-02-04 | Book | |||||
| UAP Central Library | UAP Central Library | General Stacks | 2020-02-04 | 343.5492052 INC P-2 | 3010017305 | 2020-02-04 | 2 | 2020-02-04 | Book | |||||
| UAP Central Library | UAP Central Library | General Stacks | 2020-02-04 | 343.5492052 INC P-2 | 3010017306 | 2020-02-04 | 3 | 2020-02-04 | Book | |||||
| UAP Central Library | UAP Central Library | General Stacks | 2020-02-04 | 343.5492052 INC P-2 | 3010017307 | 2020-02-04 | 4 | 2020-02-04 | Book | |||||
| UAP Central Library | UAP Central Library | General Stacks | 2020-02-04 | 343.5492052 INC P-2 | 3010017308 | 2020-02-04 | 5 | 2020-02-04 | Book | |||||
| UAP Central Library | UAP Central Library | General Stacks | 2020-02-04 | 343.5492052 INC P-2 | 3010017309 | 2020-02-04 | 6 | 2020-02-04 | Book | |||||
| UAP Central Library | UAP Central Library | General Stacks | 2020-02-04 | 343.5492052 INC P-2 | 3010017310 | 2020-02-04 | 7 | 2020-02-04 | Book | |||||
| UAP Central Library | UAP Central Library | General Stacks | 2020-02-04 | 343.5492052 INC P-2 | 3010017311 | 2020-02-04 | 8 | 2020-02-04 | Book | |||||
| UAP Central Library | UAP Central Library | General Stacks | 2020-02-04 | 343.5492052 INC P-2 | 3010017312 | 2020-02-04 | 9 | 2020-02-04 | Book | |||||
| UAP Central Library | UAP Central Library | General Stacks | 2020-02-04 | 343.5492052 INC P-2 | 3010017313 | 2020-02-04 | 10 | 2020-02-04 | Book |
Bengali Keyboard